La paz : análisis del proceso y propuestas para un nuevo sistema político en Colombia /

Las catorce entrevistas realizadas por el periodista Jesús Ortiz Nieves, con exclusividad para este libro, constituyen una especie de carta de navegación para orientar la salida a la negociación del conflicto armado interno en Colombia.\Al recoger conceptos y opiniones de interlocutores de muy disti...

Descripción completa

Detalles Bibliográficos
Autor principal: Ortiz Nieves, Jesús
Formato: Libro
Lenguaje:español
Publicado: Santa Fe de Bogotá Ediciones Aurora 2000
Materias:
Acceso en línea:

MARC

LEADER 00000cam a2200000 a 4500
001 024135
003 UAHC_CL
005 20170803122333.0
008 050526b2000 ck j 000 1 spa
020 |a 9589136060 
040 |a UAHC_CL  |c UAHC_CL  |d UAHC_CL 
100 1 |a Ortiz Nieves, Jesús 
245 1 3 |a La paz :  |b análisis del proceso y propuestas para un nuevo sistema político en Colombia /  |c Jesús Ortiz Nieves. 
260 |b Ediciones Aurora  |c 2000  |a Santa Fe de Bogotá 
300 |a 274 p. 
520 |a Las catorce entrevistas realizadas por el periodista Jesús Ortiz Nieves, con exclusividad para este libro, constituyen una especie de carta de navegación para orientar la salida a la negociación del conflicto armado interno en Colombia.\Al recoger conceptos y opiniones de interlocutores de muy distintas formaciones ideológicas y políticas, el autor logra darnos un panorama general de lo que es hoy el pensamiento político colombiano, dentro del cual se suscitará el necesario debate que ha de permitir la superación de la violencia en el país.\Luego de un análisis de cómo debe desenvolverse el proceso de negociación gobierno-guerrilla, los entrevistados entregan elementos precisos para la conformación de un nuevo sistema político, que implica modificaciones sustanciales en el campo de los partidos políticos, los derechos humanos, la justicia, el Congreso, el sistema electoral, la fuerza pública, el ordenamiento territorial, la educación, los medios de comunicación, la desigualdad económica y social y las relaciones internacionales, temas sobre los cuales la sociedad tendrá que lograr consensos para poder fundamentar una paz verdadera. 
651 4 |a COLOMBIA  |x CONDICIONES POLITICAS 
651 4 |a COLOMBIA  |x CONDICIONES SOCIALES 
900 |a 986.1 ORT 
942 |c BK 
952 |0 0  |1 0  |4 0  |6 986_100000000000000_ORT  |7 0  |8 General  |9 48419  |a BC  |b BC  |c General  |d 2017-08-03  |l 1  |o 986.1 ORT  |p 1346818  |r 2026-01-13 00:00:00  |s 2017-11-17  |t 1  |w 2017-08-03  |y BK 
999 |c 24135  |d 24135